Promoting Health and Well-being in the Workplace (Post nr. 59786)
[ visa ren ]
| 000 -LEADER | |
|---|---|
| fixed length control field | 01102nam a22002895a 4500 |
| 001 - CONTROL NUMBER | |
| control field | hznh5vz0f2p70rvd |
| 003 - CONTROL NUMBER IDENTIFIER | |
| control field | LIBRIS |
| 005 - DATE AND TIME OF LATEST TRANSACTION | |
| control field | 20251024122309.0 |
| 007 - PHYSICAL DESCRIPTION FIXED FIELD--GENERAL INFORMATION | |
| fixed length control field | cr ||| ||||| |
| 008 - FIXED-LENGTH DATA ELEMENTS--GENERAL INFORMATION | |
| fixed length control field | 221101uuuuuuuuuxx |||||o|||||000 0|und|d |
| 020 ## - INTERNATIONAL STANDARD BOOK NUMBER | |
| International Standard Book Number | 9781137375438 |
| 020 ## - INTERNATIONAL STANDARD BOOK NUMBER | |
| Canceled/invalid ISBN | 9781137375421 (Print) |
| 035 ## - SYSTEM CONTROL NUMBER | |
| System control number | (EBZ)ebs15371374e |
| 035 ## - SYSTEM CONTROL NUMBER | |
| System control number | (EBZ)ebs15371374e |
| 040 ## - CATALOGING SOURCE | |
| Original cataloging agency | SEK |
| Description conventions | a |
| Transcribing agency | |
| 041 ## - LANGUAGE CODE | |
| Language code of text/sound track or separate title | und |
| 100 0# - MAIN ENTRY--PERSONAL NAME | |
| Personal name | Margaret Hodgins |
| 245 10 - TITLE STATEMENT | |
| Title | Promoting Health and Well-being in the Workplace |
| 264 #1 - PRODUCTION, PUBLICATION, DISTRIBUTION, MANUFACTURE, AND COPYRIGHT NOTICE | |
| Date of production, publication, distribution, manufacture, or copyright notice | uuuu-uuuu |
| 776 08 - ADDITIONAL PHYSICAL FORM ENTRY | |
| Relationship information | |
| Title | Promoting Health and Well-being in the Workplace |
| International Standard Book Number | 978-1-137-37542-1 |
| 856 40 - ELECTRONIC LOCATION AND ACCESS | |
| Uniform Resource Identifier | <a href="https://proxybib.miun.se/login?url=https://ebookcentral.proquest.com/lib/[[SiteID]]/detail.action?docID=6234266">https://proxybib.miun.se/login?url=https://ebookcentral.proquest.com/lib/[[SiteID]]/detail.action?docID=6234266</a> |
| Public note | Online access for MIU |
| -- | ProQuest Ebook Central |
| -- | fulltext |
| 887 ## - NON-MARC INFORMATION FIELD | |
| Content of non-MARC field | {"@id":"hznh5vz0f2p70rvd","modified":"2022-11-01T09:03:05.959+01:00"} |
| Source of data | librisxl |
| 887 ## - NON-MARC INFORMATION FIELD | |
| Content of non-MARC field | {"@id":"6sdkpzc04rnwxrz3","modified":"2025-10-23T09:56:14.723+02:00"} |
| Source of data | librisxl |
| 942 ## - ADDED ENTRY ELEMENTS (KOHA) | |
| Source of classification or shelving scheme | Other/Generic Classification Scheme |
| Koha item type | Bok |
| Withdrawn status | Lost status | Source of classification or shelving scheme | Damaged status | Not for loan | Home library | Current library | Date acquired | Total Checkouts | Total Renewals | Full call number | Barcode | Date last seen | Date last checked out | Price effective from | Koha item type |
|---|---|---|---|---|---|---|---|---|---|---|---|---|---|---|---|
| Other/Generic Classification Scheme | Karlskoga Lasarettsbibliotek | Karlskoga Lasarettsbibliotek | 19/11/2025 | 2 | 1 | WA 590 | 8007991026437 | 21/01/2026 | 22/12/2025 | 19/11/2025 | Bok |